| 000 | 00515nam a2200169 4500 | ||
|---|---|---|---|
| 001 | 144225 | ||
| 003 | ES-MaACL | ||
| 005 | 20230906200954.0 | ||
| 007 | t| | ||
| 008 | 070214s1967 sp r ||||1| spa d | ||
| 100 | 1 |
_aSindicato Nacional de Enseñanza (España) _9220992 |
|
| 245 | 1 | 0 | _aInforme de las actividades del Sindicato Nacional de Enseñanza en 1966. |
| 260 |
_aMadrid : _b[s. n.], _c1967 ( _fGráf. Arpema) |
||
| 300 |
_a33 p. ; _c21 cm. |
||
| 852 |
_aES-MaACL _j2061-F-6 _bR.63334 |
||
| 999 |
_c144225 _d144225 |
||